Gas-filled electron diode based on a glow discharge; Technical Physics; Vol. 46, № 5

Bibliografische gegevens
Parent link:Technical Physics.— , 1931-
Vol. 46, № 5.— 2001.— [P. 524-528]
Hoofdauteur: Devyatkov V. N.
Andere auteurs: Koval N. N. Nikolay Nikolaevich, Schanin P. M.
Samenvatting:Title screen
table ignition and sustention of a pulsed discharge with a current of up to 180 A and duration of 12 µs at a pressure of 10?1–10?2 Pa are achieved in a glow-discharge plasma cathode with the help of an auxiliary initiating discharge. An electron emission current density of up to 100 A/cm2 and accelerating voltageof 15 kV are obtained in a gas-filled diode based on this type of a plasma cathode. An electron beam witha neutralized space charge can be transported almost without losses in a weak axial magnetic field alonga plasma channel formed due to the gas ionization by the accelerated electrons over a distance of up to 30 cm.
Режим доступа: по договору с организацией-держателем ресурса
Taal:Engels
Gepubliceerd in: 2001
Onderwerpen:
Online toegang:http://dx.doi.org/10.1134/1.1372939
Formaat: Elektronisch Hoofdstuk
KOHA link:https://koha.lib.tpu.ru/cgi-bin/koha/opac-detail.pl?biblionumber=649174

MARC

LEADER 00000naa0a2200000 4500
001 649174
005 20250303094403.0
035 |a (RuTPU)RU\TPU\network\14335 
035 |a RU\TPU\network\12474 
090 |a 649174 
100 |a 20160623d2001 k||y0rusy50 ba 
101 0 |a eng 
135 |a drcn ---uucaa 
181 0 |a i  
182 0 |a b 
200 1 |a Gas-filled electron diode based on a glow discharge  |f V. N. Devyatkov, N. N. Koval, P. M. Schanin 
203 |a Text  |c electronic 
300 |a Title screen 
320 |a [References: p. 528 (8 tit.)] 
330 |a table ignition and sustention of a pulsed discharge with a current of up to 180 A and duration of 12 µs at a pressure of 10?1–10?2 Pa are achieved in a glow-discharge plasma cathode with the help of an auxiliary initiating discharge. An electron emission current density of up to 100 A/cm2 and accelerating voltageof 15 kV are obtained in a gas-filled diode based on this type of a plasma cathode. An electron beam witha neutralized space charge can be transported almost without losses in a weak axial magnetic field alonga plasma channel formed due to the gas ionization by the accelerated electrons over a distance of up to 30 cm. 
333 |a Режим доступа: по договору с организацией-держателем ресурса 
461 |t Technical Physics  |d 1931- 
463 |t Vol. 46, № 5  |v [P. 524-528]  |d 2001 
610 1 |a электронный ресурс 
610 1 |a труды учёных ТПУ 
610 1 |a тлеющий разряд 
610 1 |a диоды 
610 1 |a электроны 
700 1 |a Devyatkov  |b V. N. 
701 1 |a Koval  |b N. N.  |c specialist in the field of electronics  |c Professor of Tomsk Polytechnic University, Doctor of technical sciences  |f 1948-  |g Nikolay Nikolaevich  |3 (RuTPU)RU\TPU\pers\34748  |9 18098 
701 1 |a Schanin  |b P. M. 
801 2 |a RU  |b 63413507  |c 20170414  |g RCR 
856 4 |u http://dx.doi.org/10.1134/1.1372939 
942 |c CF